Flags of countries of the world #8 - Statistics

General Stats
  • This quiz has been taken 39 times
  • The average score is 15 of 18
Answer Stats
Picture Answer % Correct
Croatia
95%
Serbia
95%
Cambodia
89%
Costa Rica
89%
Honduras
89%
Laos
89%
Liechtenstein
89%
Slovakia
89%
Slovenia
89%
Belize
84%
El Salvador
84%
Haiti
84%
Luxembourg
84%
Micronésia
84%
Thailand
84%
Somalia
79%
Cape Verde
74%
Paraguay
74%
No matching quizzes found
Score Distribution
Percent of People with Each Score
Percentile by Number Answered
Your Score History
You have not taken this quiz